Ghana's employment challenges / (Record no. 2924)

MARC details
000 -LEADER
fixed length control field 00683cam a2200169 i 4500
020 ## - INTERNATIONAL STANDARD BOOK NUMBER
ISBN 9964950438
050 00 - CALL NUMBER
Classification number HD5848.3.A6
Item number G48 2012
245 00 - TITLE
Title Ghana's employment challenges /
Statement of responsibility, etc edited by Eugenia Date-Bah, FGA.
260 ## - PUBLICATION INFORMATION
Place of publication Accra
Name of publisher Ghana Academy of Arts and Science
Year of publication 2012
300 ## - DESCRIPTION
Number of Pages xi, 213 pages ;
Dimensions 23 cm
500 ## - NOTES
General note "Proceedings, November 2011 founder's week celebrations."
505 ## - FORMATTED CONTENTS NOTE
Table of Content The nature of the challenge<br/>Review of relevant policy and employment promotion initiatives in Ghana<br/>The way forward<br/>Kwame Nkrumah Memorial Lecture<br/><br/>
650 #0 - SUBJECTS
Topical Term Unemployment
700 1# - OTHER AUTHORS
Personal name Date-Bah, Eugenia,
710 2# - OTHER AUTHORS
OTHER AUTHORS Ghana Academy of Arts and Sciences.
942 ## - ADDED ENTRY ELEMENTS (KOHA)
Koha item type Books
Holdings
Withdrawn status Lost status Collection code Home library Current library Shelving location Date acquired Full call number Accession Number Copy number Koha item type
    Reference Methodist University Library Main Methodist University Library Main General Stacks   HD5848.3.A6 G48 2012 39444 1 Books
    Reference Methodist University Library Main Methodist University Library Main General Stacks   HD5848.3.A6 G48 2012 39445 2 Books
      Methodist University Library Main Methodist University Library Main General Stacks   HD5848.3.A6 G48 2012 39446 3 Books
Copyright © 2026  MUG Library